000 00577nam a2200229Ia 4500
003 OSt
005 20220918204307.0
006 a|||||r|||| 00| 0
007 ta
008 220917b |||||||| |||| 00| 0 eng d
024 _a111,913
037 _cTextual
040 _aARTS
_cARTS
_beng
041 _2eng
_aeng
082 _aV58:1904:N5, K2;1
100 _aZagoria D S
_9111406
245 0 _asin Soviet conflict 1956 1961
260 _c1962
650 _aHISTORY
942 _hV58:1904:N5, K2;1
_cTEXL
_2CC
999 _c235262
_d235262